Personnages de The Office par images - Statistiques

Statistiques générales
  • Ce quiz a été pris 140 fois
  • Le résultat moyen est 15 sur 20
Statistiques - réponses
Par images Réponse % Correct
Michael Scott
98%
Pam Beesly
97%
Dwight Schrute
96%
Jim Halpert
96%
Angela Martin
87%
Kevin Malone
83%
Oscar Martinez
77%
Andy Bernard
76%
Kelly Kapoor
74%
Ryan Howard
74%
Meredith Palmer
73%
Toby Flenderson
73%
Creed Bratton
70%
Stanley Hudson
70%
Phyllis Lapin
69%
Jan Levinson
65%
Erin Hannon
57%
Holly Flax
45%
Darryl Philbin
44%
Robert California
36%
Aucun quiz correspondant
Distribution des résultats
% des personnes avec chaque résultat
Percentile par nombre de réponses
Votre historique - résultats
Vous n’avez pas pris ce quiz